| 000 | 00413nam a2200169Ia 4500 | ||
|---|---|---|---|
| 005 | 20250423095728.0 | ||
| 008 | 250422s9999 xx 000 0 und d | ||
| 020 | _a1563708272 | ||
| 050 | _aG 155.5 .R83/ | ||
| 100 | _aRubin, Karen, 1951- | ||
| 245 | 0 | _aInside secrets to finding a career in travel | |
| 260 | _aIndianapolis, IN | ||
| 260 | _bJIST Works | ||
| 260 | _c2001 | ||
| 300 | _a276 p | ||
| 942 | _cBK | ||
| 999 |
_c31154 _d31154 |
||